French Cities - Sudden Death - Statistics

General Stats
  • This quiz has been taken 81 times
    41 since last reset
  • The average score is 12 of 18
Answers on the Grid
Answers color-coded by a green-red scale on the quiz's grid according to % correct below.
Paris
Lyon
Rennes
Strasbourg
Dunkirk
Brest
Clermont-Ferrand
Pau
Nice
Cannes
Charleroi
Lausanne
Casablanca
St. Martinville
Coeur d´Alene
Colmar
Ajaccio
Figueres
Algiers
Cayenne
Les Abymes
Kabul
Tangier
Marseille
Stuttgart
Karlsruhe
Le Mans
Lorient
Swansea
Toulon
 
Answer Stats
Answer % Correct
Nice
89%
Paris
89%
Marseille
84%
Cannes
79%
Le Mans
79%
Lyon
79%
Rennes
79%
Strasbourg
79%
Brest
74%
Ajaccio
68%
Dunkirk
68%
Toulon
68%
Clermont-Ferrand
63%
Lorient
58%
Colmar
53%
Cayenne
42%
Pau
37%
Les Abymes
21%
No matching quizzes found
Score Distribution
Percent of People with Each Score
Percentile by Number Answered
Your Score History
You have not taken this quiz since the last reset